|
|
|
|
| LEADER |
02255nam a2200481 i 4500 |
| 001 |
EBC4428205 |
| 003 |
MiAaPQ |
| 005 |
20200520144314.0 |
| 006 |
m o d | |
| 007 |
cr cnu|||||||| |
| 008 |
160217t20162016mdua ob 001 0 eng|d |
| 020 |
|
|
|z 9781442263642 (cloth : alk. paper)
|
| 020 |
|
|
|z 9781442263659 (pbk. : alk. paper)
|
| 020 |
|
|
|a 9781442263666 (e-book)
|
| 035 |
|
|
|a (MiAaPQ)EBC4428205
|
| 035 |
|
|
|a (Au-PeEL)EBL4428205
|
| 035 |
|
|
|a (CaPaEBR)ebr11170525
|
| 035 |
|
|
|a (CaONFJC)MIL901473
|
| 035 |
|
|
|a (OCoLC)942754736
|
| 040 |
|
|
|a MiAaPQ
|b eng
|e rda
|e pn
|c MiAaPQ
|d MiAaPQ
|
| 050 |
|
4 |
|a NK8801.8
|b .S55 2016
|
| 082 |
0 |
|
|a 746.075
|2 23
|
| 100 |
1 |
|
|a Sikarskie, Amanda Grace,
|d 1982-
|e author.
|
| 245 |
1 |
0 |
|a Textile collections :
|b preservation, access, curation, and interpretation in the digital age /
|c Amanda Grace Sikarskie.
|
| 264 |
|
1 |
|a Lanham :
|b Rowman & Littlefield,
|c [2016]
|
| 264 |
|
4 |
|c 2016
|
| 300 |
|
|
|a 1 online resource (179 pages) :
|b color illustrations.
|
| 336 |
|
|
|a text
|2 rdacontent
|
| 337 |
|
|
|a computer
|2 rdamedia
|
| 338 |
|
|
|a online resource
|2 rdacarrier
|
| 490 |
1 |
|
|a American Association for State and Local History book series
|
| 504 |
|
|
|a Includes bibliographical references and index.
|
| 505 |
0 |
|
|a Introduction: Ada Lovelace and weaving the digital -- Preservation -- Access -- Curation -- Interpretation -- Postscript: meditations on Kate Middleton's wedding dress.
|
| 588 |
|
|
|a Description based on print version record.
|
| 590 |
|
|
|a Electronic reproduction. Ann Arbor, MI : ProQuest, 2016. Available via World Wide Web. Access may be limited to ProQuest affiliated libraries.
|
| 650 |
|
0 |
|a Textile museums.
|
| 650 |
|
0 |
|a Textile fabrics.
|
| 650 |
|
0 |
|a Museum techniques.
|
| 655 |
|
4 |
|a Electronic books.
|
| 776 |
0 |
8 |
|i Print version:
|a Sikarskie, Amanda Grace.
|t Textile collections : preservation, access, curation, and interpretation in the digital age.
|d Lanham : Rowman & Littlefield, [2016]
|k American Association for State and Local History book series
|z 9781442263642
|
| 797 |
2 |
|
|a ProQuest (Firm)
|
| 830 |
|
0 |
|a American Association for State and Local History book series.
|
| 856 |
4 |
0 |
|u https://ebookcentral.proquest.com/lib/matrademy/detail.action?docID=4428205
|z Click to View
|